[Event "FIDE WCC Blitz Women 2019"]
[Site "Moscow"]
[Date "2019.12.29"]
[Round "1.44"]
[White "Gvanceladze, Anna"]
[Black "Maltsevskaya, Aleksandra"]
[Result "0-1"]
[WhiteElo "2066"]
[BlackElo "2280"]
[Annotator "NA"]
[PlyCount "68"]
[EventDate "2019.12.29"]
[EventType "swiss"]
[EventCountry "RUS"]
[SourceTitle "playchess.com"]
[Source "ChessBase"]
[SourceQuality "1"]

1. Nf3 Nf6 2. c4 g6 3. g3 Bg7 4. Bg2 d6 5. O-O O-O 6. Nc3 e5 7. d3 Nc6 8. Rb1 a5 9. a3 Ne8 10. Qc2 f5 11. b4 axb4 12. axb4 Nf6 13. b5 Ne7 14. Nd2 c6 15. Bb2 Be6 16. Ra1 Rxa1 17. Rxa1 f4 18. Nde4 d5 19. Nc5 Bc8 20. cxd5 cxd5 21. N3a4 fxg3 22. hxg3 Ng4 23. Rf1 Qd6 24. Qb3 g5 25. Bf3 Qh6 26. Bxg4 Bxg4 27. Nc3 Kh8 28. Nxd5 Nxd5 29. Qxd5 Bxe2 30. Bxe5 Bxf1 31. Bxg7+ Qxg7 32. Ne6 Qf7 33. Qe5+ Qf6 34. Qxf6+ Rxf6 0-1

[Event "FIDE WCC Blitz Women 2019"]
[Site "Moscow"]
[Date "2019.12.29"]
[Round "1.45"]
[White "Mamedjarova, Turkan"]
[Black "Nosacheva, Mariya"]
[Result "1-0"]
[WhiteElo "2273"]
[BlackElo "2062"]
[Annotator "NA"]
[PlyCount "87"]
[EventDate "2019.12.29"]
[EventType "swiss"]
[EventCountry "RUS"]
[SourceTitle "playchess.com"]
[Source "ChessBase"]
[SourceQuality "1"]

1. d4 Nf6 2. c4 g6 3. Nc3 Bg7 4. Nf3 O-O 5. g3 d6 6. Bg2 a6 7. O-O Nc6 8. b3 Rb8 9. Bb2 b5 10. cxb5 axb5 11. Rc1 Bd7 12. Re1 b4 13. Na4 Na5 14. e4 Ne8 15. e5 c6 16. h3 Nc7 17. Qd2 Nd5 18. Rcd1 h6 19. Qe2 Kh7 20. Nd2 Qc8 21. Kh2 Bf5 22. Rc1 Qd8 23. Nc4 Bd7 24. exd6 exd6 25. Nxd6 Nc3 26. Nxc3 bxc3 27. Bxc3 Be6 28. Nc4 Nxc4 29. bxc4 Bxd4 30. Bd2 c5 31. Bf4 Rb2 32. Rc2 Rxc2 33. Qxc2 Qa5 34. Re2 Qb4 35. Bd5 Bf5 36. Be4 Be6 37. Bxg6+ fxg6 38. Rxe6 Qb7 39. Qxg6+ Kh8 40. Qxh6+ Kg8 41. Rg6+ Bg7 42. Qg5 Kh7 43. Re6 Ra8 44. Re7 1-0

[Event "FIDE WCC Blitz Women 2019"]
[Site "Moscow"]
[Date "2019.12.29"]
[Round "1.46"]
[White "Fominykh, Maria"]
[Black "Mkrtchian, Lilit"]
[Result "0-1"]
[WhiteElo "2055"]
[BlackElo "2268"]
[Annotator "NA"]
[PlyCount "138"]
[EventDate "2019.12.29"]
[EventType "swiss"]
[EventCountry "RUS"]
[SourceTitle "playchess.com"]
[Source "ChessBase"]
[SourceQuality "1"]

1. d4 e6 2. c4 b6 3. Nf3 Bb7 4. g3 Bb4+ 5. Bd2 Bxf3 6. exf3 Bxd2+ 7. Qxd2 Nf6 8. Bg2 d5 9. f4 Nc6 10. O-O O-O 11. Rc1 Ne7 12. c5 bxc5 13. Rxc5 Qd6 14. Nc3 c6 15. Rc1 Nd7 16. Ra5 Qb4 17. Nb1 Rfb8 18. b3 Qb6 19. Qc3 Nf5 20. Ra4 Ne7 21. Qa5 Nf6 22. Nd2 Ne8 23. Nf3 Nd6 24. Ne5 Ndf5 25. Qc5 Qxc5 26. Rxc5 Rb6 27. Bf1 f6 28. Nf3 Nd6 29. Ra6 Ne4 30. Rc2 Kf7 31. Nd2 Nxd2 32. Rxd2 Rb4 33. Ra5 Ke8 34. Bh3 Kd7 35. Rc5 Kd6 36. Rd1 Rxd4 37. Rxd4 Kxc5 38. Ra4 Kd6 39. Rb4 a5 40. Rb7 a4 41. b4 a3 42. Bf1 Nf5 43. g4 Ne7 44. Bd3 f5 45. gxf5 exf5 46. Kf1 h5 47. Ke2 h4 48. Ke3 g6 49. Kd4 Ra4 50. Kc3 Ra8 51. Kb3 Rf8 52. Kxa3 Rg8 53. Kb3 g5 54. fxg5 Rxg5 55. a4 Rg1 56. a5 Ra1 57. a6 c5 58. bxc5+ Ke6 59. a7 Nc6 60. Rb6 Kd7 61. Bb5 Rxa7 62. Rxc6 Ke7 63. Rh6 Ra1 64. Rxh4 Rb1+ 65. Ka4 Rb2 66. Rf4 Ke6 67. Bd3 Ke5 68. Rxf5+ Kd4 69. Rf3 Kxc5 0-1

[Event "FIDE WCC Blitz Women 2019"]
[Site "Moscow"]
[Date "2019.12.29"]
[Round "1.47"]
[White "Garifullina, Leya"]
[Black "Shafigullina, Zarina"]
[Result "0-1"]
[WhiteElo "2267"]
[BlackElo "2052"]
[Annotator "NA"]
[PlyCount "72"]
[EventDate "2019.12.29"]
[EventType "swiss"]
[EventCountry "RUS"]
[SourceTitle "playchess.com"]
[Source "ChessBase"]
[SourceQuality "1"]

1. e4 c5 2. Nf3 Nc6 3. Bb5 g6 4. Bxc6 bxc6 5. O-O Bg7 6. Re1 Nh6 7. c3 f6 8. d4 Qb6 9. Nbd2 cxd4 10. cxd4 Nf7 11. b3 O-O 12. Bb2 e5 13. dxe5 fxe5 14. Nc4 Qc7 15. Rc1 Bb7 16. Qd2 Rad8 17. Qa5 Qxa5 18. Nxa5 Ba8 19. Red1 d5 20. Re1 dxe4 21. Rxe4 c5 22. Re2 Bxf3 23. gxf3 Ng5 24. Rxc5 Nh3+ 25. Kf1 Nf4 26. Re1 Nd3 27. Rc2 Nxe1 28. Kxe1 Rxf3 29. Nc4 Rh3 30. Bc1 Rxh2 31. Be3 a6 32. Na5 e4 33. Nc6 Rh1+ 34. Ke2 Rdd1 35. Ne7+ Kf7 36. Rc7 Rhe1# 0-1

[Event "FIDE WCC Blitz Women 2019"]
[Site "Moscow"]
[Date "2019.12.29"]
[Round "1.48"]
[White "Nazarova, Anastasia"]
[Black "Batsiashvili, Nino"]
[Result "1-0"]
[WhiteElo "2049"]
[BlackElo "2259"]
[Annotator "NA"]
[PlyCount "83"]
[EventDate "2019.12.29"]
[EventType "swiss"]
[EventCountry "RUS"]
[SourceTitle "playchess.com"]
[Source "ChessBase"]
[SourceQuality "1"]

1. e4 e5 2. Nf3 Nc6 3. Bb5 a6 4. Ba4 Nf6 5. d3 Bc5 6. O-O d6 7. a3 Ba7 8. h3 h6 9. Nc3 O-O 10. Bb3 Ne7 11. Re1 c6 12. d4 Ng6 13. dxe5 dxe5 14. Qe2 Qe7 15. Ba2 Nh5 16. Nh2 Nhf4 17. Bxf4 Nxf4 18. Qf3 Qg5 19. Kh1 h5 20. Ne2 Ng6 21. Ng3 Nh4 22. Qxh5 Qxh5 23. Nxh5 Bxf2 24. Rf1 Bb6 25. Rxf7 Rxf7 26. Rf1 g6 27. Bxf7+ Kh8 28. Nf6 Kg7 29. Nfg4 Bxg4 30. Nxg4 Rf8 31. Bc4 Rxf1+ 32. Bxf1 Bc7 33. Be2 g5 34. g3 Ng6 35. Kg2 Ne7 36. Ne3 Kf6 37. Kf3 Kg6 38. Nc4 b5 39. Ne3 Ng8 40. Nf5 Bd8 41. c4 Nf6 42. cxb5 1-0

[Event "FIDE WCC Blitz Women 2019"]
[Site "Moscow"]
[Date "2019.12.29"]
[Round "1.49"]
[White "Potapova, Margarita"]
[Black "Barchuk, Irina"]
[Result "1-0"]
[WhiteElo "2259"]
[BlackElo "2047"]
[Annotator "NA"]
[PlyCount "57"]
[EventDate "2019.12.29"]
[EventType "swiss"]
[EventCountry "RUS"]
[SourceTitle "playchess.com"]
[Source "ChessBase"]
[SourceQuality "1"]

1. d4 Nf6 2. c4 g6 3. Nc3 Bg7 4. e4 O-O 5. Nf3 d6 6. h3 e5 7. d5 Nh5 8. g3 f5 9. exf5 gxf5 10. Nh4 Qe8 11. Be2 Nf6 12. Qc2 e4 13. Be3 c5 14. dxc6 bxc6 15. O-O-O Qe7 16. Rhg1 Be6 17. g4 Nfd7 18. Nxf5 Bxf5 19. gxf5 Rxf5 20. Qxe4 Re5 21. Qd3 Re6 22. Bg4 Ne5 23. Bxe6+ Qxe6 24. Qxd6 Qxd6 25. Rxd6 Nxc4 26. Rd8+ Kf7 27. Bf4 Be5 28. Bxe5 Nxe5 29. Rgg8 1-0

[Event "FIDE WCC Blitz Women 2019"]
[Site "Moscow"]
[Date "2019.12.29"]
[Round "1.50"]
[White "Novikova, Anna"]
[Black "Ambartsumova, Karina"]
[Result "1/2-1/2"]
[WhiteElo "2045"]
[BlackElo "2254"]
[Annotator "NA"]
[PlyCount "120"]
[EventDate "2019.12.29"]
[EventType "swiss"]
[EventCountry "RUS"]
[SourceTitle "playchess.com"]
[Source "ChessBase"]
[SourceQuality "1"]

1. e4 c5 2. c3 d5 3. exd5 Qxd5 4. d4 Nc6 5. Nf3 Bf5 6. Be2 e6 7. O-O Nf6 8. Be3 cxd4 9. cxd4 Bxb1 10. Qxb1 Be7 11. h3 O-O 12. Rd1 Rac8 13. a3 Rfd8 14. Bd3 h6 15. b4 a6 16. Ra2 Qd6 17. Rc2 Nd5 18. Qc1 Bf6 19. Be4 Nce7 20. Rc5 b6 21. Rc2 Rxc2 22. Qxc2 Rc8 23. Qd3 b5 24. Bd2 Rc4 25. Rc1 Rxc1+ 26. Bxc1 Qc7 27. Bd2 Qc4 28. Kh2 Qxd3 29. Bxd3 Nc6 30. Be3 Nc3 31. g4 Nd5 32. Kg3 Kf8 33. Kg2 Ke7 34. Kf1 Kd6 35. Ke2 Nc3+ 36. Kd2 Nd5 37. Be4 Nce7 38. Kd3 Nxe3 39. fxe3 Nd5 40. Bxd5 exd5 41. Nd2 Be7 42. Nb3 Bd8 43. Nc5 Bf6 44. Nxa6 g6 45. Nc5 h5 46. a4 bxa4 47. Nxa4 hxg4 48. hxg4 Kc6 49. Nc3 Bd8 50. e4 dxe4+ 51. Kxe4 Kd6 52. b5 Ba5 53. Na4 f6 54. Nc5 Bb6 55. Nd3 f5+ 56. gxf5 gxf5+ 57. Kxf5 Bxd4 58. Ke4 Bb6 59. Nf4 Kc5 60. Ne6+ Kxb5 1/2-1/2

[Event "FIDE WCC Blitz Women 2019"]
[Site "Moscow"]
[Date "2019.12.29"]
[Round "1.51"]
[White "Nebolsina, Vera"]
[Black "Bulatova, Kamaliya"]
[Result "0-1"]
[WhiteElo "2252"]
[BlackElo "2038"]
[Annotator "NA"]
[PlyCount "98"]
[EventDate "2019.12.29"]
[EventType "swiss"]
[EventCountry "RUS"]
[SourceTitle "playchess.com"]
[Source "ChessBase"]
[SourceQuality "1"]

1. e4 c5 2. Nf3 d6 3. d3 Nc6 4. g3 g6 5. Bg2 Bg7 6. O-O e6 7. c3 Nge7 8. Re1 O-O 9. Nbd2 d5 10. e5 Qc7 11. Qe2 b5 12. Nf1 Bb7 13. Bf4 d4 14. c4 bxc4 15. dxc4 Rfd8 16. Rad1 Qa5 17. a3 Ba6 18. Ng5 Rab8 19. Be4 d3 20. Bxd3 Nd4 21. Qg4 Rxb2 22. Be4 Bxc4 23. Ne3 Be2 24. Rxe2 Nxe2+ 25. Kg2 Rxd1 26. Nxd1 Nxf4+ 27. Qxf4 Rb8 28. Qxf7+ Kh8 29. Nxe6 Bxe5 30. Qxe7 Qa4 31. Bf3 Qe8 32. Qxe8+ Rxe8 33. Nxc5 Bd6 34. Ne4 Bxa3 35. Ndc3 Re5 36. Bd1 Bb2 37. f4 Ra5 38. Ne2 Ra1 39. Bb3 Re1 40. Kf2 Rh1 41. h4 Rh2+ 42. Kf3 Rh1 43. Ng5 Ra1 44. g4 Ra3 45. Ke4 Rxb3 46. f5 Rb4+ 47. Kd5 Rxg4 48. Nf7+ Kg7 49. Ke6 Re4+ 0-1

[Event "FIDE WCC Blitz Women 2019"]
[Site "Moscow"]
[Date "2019.12.29"]
[Round "1.52"]
[White "Fatianova, Tatiana"]
[Black "Guseva, Marina"]
[Result "0-1"]
[WhiteElo "2029"]
[BlackElo "2245"]
[Annotator "NA"]
[PlyCount "45"]
[EventDate "2019.12.29"]
[EventType "swiss"]
[EventCountry "RUS"]
[SourceTitle "playchess.com"]
[Source "ChessBase"]
[SourceQuality "1"]

1. e4 c5 2. Nc3 d6 3. f4 Nc6 4. Nf3 g6 5. Bc4 Bg7 6. d3 e6 7. O-O Nge7 8. Qe1 O-O 9. f5 d5 10. Bb3 gxf5 11. exd5 exd5 12. Qh4 f6 13. d4 c4 14. Ba4 Ng6 15. Qh5 Nce7 16. b3 a6 17. bxc4 dxc4 18. Ba3 b5 19. Bxb5 axb5 20. Nxb5 Bd7 21. Bxe7 Qxe7 22. Nc3 Qd6 23. Nb1 0-1

[Event "FIDE WCC Blitz Women 2019"]
[Site "Moscow"]
[Date "2019.12.29"]
[Round "1.53"]
[White "Druzhinina Olga (RUS)"]
[Black "Borisova, Ekaterina"]
[Result "1-0"]
[WhiteElo "2245"]
[BlackElo "2029"]
[Annotator "NA"]
[PlyCount "99"]
[EventDate "2019.12.29"]
[EventType "swiss"]
[EventCountry "RUS"]
[SourceTitle "playchess.com"]
[Source "ChessBase"]
[SourceQuality "1"]

1. e4 d6 2. d4 Nf6 3. Bd3 e5 4. Ne2 Nbd7 5. O-O Be7 6. c3 O-O 7. f4 c6 8. Nd2 Qc7 9. Nf3 Re8 10. Kh1 Bf8 11. Qc2 g6 12. Bd2 Bg7 13. Rae1 a5 14. a4 b6 15. Ng3 Bb7 16. f5 Re7 17. Qc1 exd4 18. cxd4 Rae8 19. Bh6 c5 20. d5 c4 21. Bxg7 Kxg7 22. fxg6 hxg6 23. Bb1 Ne5 24. Qg5 Nh7 25. Nf5+ Kh8 26. Qh6 gxf5 27. Ng5 f6 28. Ne6 Rxe6 29. dxe6 Qg7 30. Qh3 fxe4 31. Bxe4 Bxe4 32. Rxe4 d5 33. Rh4 Ng6 34. Rg4 Kg8 35. Qg3 Nhf8 36. h4 Rxe6 37. h5 d4 38. hxg6 Re3 39. Qd6 Qh6+ 40. Kg1 Re6 41. Qxd4 c3 42. bxc3 Qg7 43. Qd5 Qe7 44. g7 Nh7 45. Re1 Ng5 46. Rxe6 Nxe6 47. Re4 Qc5+ 48. Qxc5 Nxc5 49. Rg4 Nxa4 50. Rxa4 1-0

[Event "FIDE WCC Blitz Women 2019"]
[Site "Moscow"]
[Date "2019.12.29"]
[Round "1.54"]
[White "Serikbay, Assel"]
[Black "Gevorgyan, Maria"]
[Result "0-1"]
[WhiteElo "2028"]
[BlackElo "2244"]
[Annotator "NA"]
[PlyCount "99"]
[EventDate "2019.12.29"]
[EventType "swiss"]
[EventCountry "RUS"]
[SourceTitle "playchess.com"]
[Source "ChessBase"]
[SourceQuality "1"]

1. d4 d5 2. Nf3 Nf6 3. c4 dxc4 4. g3 c5 5. Bg2 Nc6 6. Na3 cxd4 7. Nxc4 g6 8. O-O Bg7 9. b3 O-O 10. Bb2 Ne8 11. Qc1 Bg4 12. Rd1 Bxf3 13. Bxf3 Rc8 14. Qd2 Nd6 15. Na3 e5 16. e3 e4 17. Bg2 d3 18. f3 f5 19. Nc4 Nxc4 20. bxc4 Bxb2 21. Qxb2 Na5 22. fxe4 Nxc4 23. Qb3 Kg7 24. exf5 Rxf5 25. Rxd3 Qf6 26. Qxb7+ Kh6 27. Rc1 Nd6 28. Qb1 Rf8 29. Rcd1 Nf7 30. e4 Rf2 31. Qc1+ Kg7 32. Rf1 Ng5 33. Rd7+ Kh8 34. Qa1 Rxf1+ 35. Qxf1 Qb6+ 36. Kh1 Rxf1+ 37. Bxf1 Nxe4 38. h3 Qc6 39. Rd8+ Kg7 40. Bg2 Qc1+ 41. Kh2 Nf6 42. Ra8 Qc5 43. Rb8 h5 44. Rb7+ Kh6 45. a4 h4 46. gxh4 Nh5 47. Rb5 Qd6+ 48. Kg1 Qd4+ 49. Kh2 Qxa4 50. Rb7 0-1

[Event "FIDE WCC Blitz Women 2019"]
[Site "Moscow"]
[Date "2019.12.29"]
[Round "1.55"]
[White "Osmak, Iulija"]
[Black "Bogumil, Tatiana"]
[Result "1/2-1/2"]
[WhiteElo "2242"]
[BlackElo "1996"]
[Annotator "NA"]
[PlyCount "82"]
[EventDate "2019.12.29"]
[EventType "swiss"]
[EventCountry "RUS"]
[SourceTitle "playchess.com"]
[Source "ChessBase"]
[SourceQuality "1"]

1. b4 e5 2. Bb2 Bxb4 3. Bxe5 Nf6 4. e3 Nc6 5. Bb2 O-O 6. Nf3 d5 7. Be2 Re8 8. O-O Bg4 9. d3 Bd6 10. Nbd2 Bh5 11. h3 Bxf3 12. Nxf3 Ne5 13. Rb1 b6 14. d4 Nc4 15. Nd2 b5 16. Bf3 c6 17. Nxc4 bxc4 18. Bc3 Qe7 19. Qd2 Rab8 20. Ra1 Ne4 21. Bxe4 Qxe4 22. Rab1 Qe7 23. Ba5 Rxb1 24. Rxb1 Rb8 25. Rxb8+ Bxb8 26. Bb4 Qc7 27. g3 Qd7 28. Bc5 Qxh3 29. Qb4 Qc8 30. Qa4 h6 31. Bxa7 Bxa7 32. Qxa7 h5 33. a4 Kh7 34. a5 Qf5 35. Qc5 h4 36. gxh4 Qg4+ 37. Kf1 Qd1+ 38. Kg2 Qg4+ 39. Kf1 Qd1+ 40. Kg2 Qg4+ 41. Kf1 Qd1+ 1/2-1/2

[Event "FIDE WCC Blitz Women 2019"]
[Site "Moscow"]
[Date "2019.12.29"]
[Round "1.56"]
[White "Munkhzul, Davaakhuu"]
[Black "Zhukova, Natalia"]
[Result "0-1"]
[WhiteElo "1973"]
[BlackElo "2239"]
[Annotator "NA"]
[PlyCount "76"]
[EventDate "2019.12.29"]
[EventType "swiss"]
[EventCountry "RUS"]
[SourceTitle "playchess.com"]
[Source "ChessBase"]
[SourceQuality "1"]

1. e4 e5 2. Nf3 Nc6 3. Bb5 a6 4. Ba4 Nf6 5. O-O b5 6. Bb3 Bc5 7. c3 d6 8. h3 O-O 9. d4 Bb6 10. a4 Rb8 11. Re1 h6 12. axb5 axb5 13. Na3 Re8 14. Nxb5 exd4 15. cxd4 Ba5 16. Nc3 Bxc3 17. bxc3 Rxe4 18. Rxe4 Nxe4 19. Qd3 Nxf2 20. Qc4 Nxh3+ 21. gxh3 Qf6 22. Qxc6 Bb7 23. Qc4 Qxf3 24. Qf1 Qh1+ 25. Kf2 Qh2+ 26. Ke1 Re8+ 27. Kd1 Re7 28. Ra7 Be4 29. Ra1 Qg3 30. Bb2 Bf3+ 31. Kc1 Qf4+ 32. Kc2 Be4+ 33. Kd1 Qxf1+ 34. Kd2 Qd3+ 35. Kc1 Qe3+ 36. Kd1 Bf3+ 37. Kc2 Be4+ 38. Kd1 Bg6 0-1

[Event "FIDE WCC Blitz Women 2019"]
[Site "Moscow"]
[Date "2019.12.29"]
[Round "1.57"]
[White "Matveeva, Svetlana"]
[Black "Antova, Gabriela"]
[Result "0-1"]
[WhiteElo "2239"]
[BlackElo "1965"]
[Annotator "NA"]
[PlyCount "54"]
[EventDate "2019.12.29"]
[EventType "swiss"]
[EventCountry "RUS"]
[SourceTitle "playchess.com"]
[Source "ChessBase"]
[SourceQuality "1"]

1. d4 d5 2. c4 dxc4 3. e4 e5 4. Nf3 exd4 5. Bxc4 Bb4+ 6. Nbd2 Nc6 7. O-O Nf6 8. a3 Be7 9. e5 Nd5 10. Nb3 O-O 11. Nbxd4 Nxd4 12. Nxd4 c5 13. Nb5 Be6 14. Qf3 a6 15. Nd6 Bxd6 16. exd6 Qxd6 17. Rd1 Rad8 18. Bg5 Rd7 19. Rd2 b5 20. Ba2 c4 21. Rad1 Qc5 22. Bb1 Nb6 23. Be3 Qc7 24. Rxd7 Nxd7 25. Bd4 Rd8 26. Qh5 Nf8 27. Re1 Rxd4 0-1

[Event "FIDE WCC Blitz Women 2019"]
[Site "Moscow"]
[Date "2019.12.29"]
[Round "1.58"]
[White "Antonova, Nadezhda"]
[Black "Injac, Teodora"]
[Result "0-1"]
[WhiteElo "1914"]
[BlackElo "2236"]
[Annotator "NA"]
[PlyCount "69"]
[EventDate "2019.12.29"]
[EventType "swiss"]
[EventCountry "RUS"]
[SourceTitle "playchess.com"]
[Source "ChessBase"]
[SourceQuality "1"]

1. d4 Nf6 2. Nf3 g6 3. Nbd2 d5 4. e3 Bg7 5. b4 a5 6. b5 c5 7. bxc6 Nxc6 8. Be2 O-O 9. O-O Bf5 10. Bb2 a4 11. a3 Rb8 12. c4 dxc4 13. Nxc4 b5 14. Nce5 Na5 15. Nd2 Ne4 16. Nxe4 Bxe4 17. Rc1 Qd6 18. Bc3 Nb3 19. Bb4 Qe6 20. Rc7 Rfe8 21. Nd7 Rbc8 22. Rxc8 Rxc8 23. Bxb5 Bxg2 24. Kxg2 Qd5+ 25. Qf3 Qxb5 26. Nc5 e5 27. Qd5 exd4 28. exd4 Nxd4 29. Re1 Re8 30. Rxe8+ Qxe8 31. Qb7 h5 32. Qa7 Qe2 33. Qxa4 Qf3+ 34. Kf1 Qe2+ 35. Kg2 0-1

[Event "FIDE WCC Blitz Women 2019"]
[Site "Moscow"]
[Date "2019.12.29"]
[Round "1.59"]
[White "Strutinskaia, Galina"]
[Black "Ovezdurdiyeva, Jemal"]
[Result "1/2-1/2"]
[WhiteElo "2227"]
[BlackElo "1877"]
[Annotator "NA"]
[PlyCount "138"]
[EventDate "2019.12.29"]
[EventType "swiss"]
[EventCountry "RUS"]
[SourceTitle "playchess.com"]
[Source "ChessBase"]
[SourceQuality "1"]

1. c4 Nf6 2. Nc3 g6 3. g3 Bg7 4. Bg2 d6 5. d4 Nc6 6. Nf3 O-O 7. d5 Na5 8. Nd2 c5 9. Qc2 a6 10. Rb1 Bd7 11. a4 b5 12. axb5 axb5 13. cxb5 Qb6 14. b4 cxb4 15. Rxb4 Rfc8 16. Bb2 Qc5 17. Ra4 Bxb5 18. Ra2 Nc4 19. Rxa8 Rxa8 20. O-O Nxb2 21. Qxb2 Bc4 22. Qb7 Re8 23. Na4 Qb5 24. Qxb5 Bxb5 25. Nc3 Bd7 26. Rb1 Ng4 27. Nce4 h6 28. Rb7 Bc8 29. Rc7 Ba6 30. h3 Ne5 31. f4 f5 32. fxe5 fxe4 33. Bxe4 Bxe5 34. Kf2 Kg7 35. Nf3 Bf6 36. h4 Rc8 37. Ra7 Bc4 38. g4 g5 39. hxg5 hxg5 40. e3 Rc5 41. Nd2 Bxd5 42. Bxd5 Rxd5 43. Ne4 Re5 44. Kf3 Rb5 45. Ng3 Rb3 46. Nf5+ Kf7 47. Nh6+ Kg6 48. Nf5 Kf7 49. Nh6+ Ke6 50. Nf5 d5 51. Rxe7+ Bxe7 52. Nd4+ Ke5 53. Nxb3 Bd8 54. Nd4 Bb6 55. Nc6+ Kd6 56. Nb4 Ke5 57. Nd3+ Kd6 58. Nf2 Ke5 59. Nh3 Kf6 60. Ng1 d4 61. exd4 Bxd4 62. Ne2 Ba1 63. Ng3 Kg6 64. Ne4 Bb2 65. Nd6 Bc1 66. Ke4 Bf4 67. Nf5 Bc1 68. Nd4 Bd2 69. Nf3 Bf4 1/2-1/2

[Event "FIDE WCC Blitz Women 2019"]
[Site "Moscow"]
[Date "2019.12.29"]
[Round "1.60"]
[White "Nur-Mukhametova, Alisa"]
[Black "Doluhanova, Evgeniya"]
[Result "1/2-1/2"]
[WhiteElo "1832"]
[BlackElo "2222"]
[Annotator "NA"]
[PlyCount "126"]
[EventDate "2019.12.29"]
[EventType "swiss"]
[EventCountry "RUS"]
[SourceTitle "playchess.com"]
[Source "ChessBase"]
[SourceQuality "1"]

1. Nf3 Nf6 2. g3 b6 3. Bg2 Bb7 4. O-O g6 5. c4 Bg7 6. Nc3 O-O 7. d4 d5 8. Ne5 c6 9. e4 dxe4 10. Nxe4 Nxe4 11. Bxe4 f6 12. Nf3 f5 13. Bc2 Nd7 14. Bf4 h6 15. h4 Nf6 16. Re1 Ng4 17. Rb1 Qd7 18. b4 e6 19. Bb3 Kh7 20. c5 Rae8 21. Ne5 Nxe5 22. Bxe5 Ba6 23. Qd2 Bxe5 24. Rxe5 Bc8 25. Qe3 Rf7 26. Rd1 Rfe7 27. Re1 Qc7 28. f4 bxc5 29. dxc5 Kg7 30. Qc3 Kf7 31. Qf3 Rd8 32. R1e2 Qd7 33. h5 Qd4+ 34. Kg2 g5 35. fxg5 hxg5 36. Qe3 Qxe3 37. R5xe3 Kf6 38. h6 Rh8 39. Rd3 Rxh6 40. Rd6 Bd7 41. Ba4 Reh7 42. Re1 Rh2+ 43. Kf3 g4+ 44. Ke3 Rxa2 45. Bxc6 Bxc6 46. Rxc6 Rhh2 47. Kd4 Rhd2+ 48. Kc3 Rdc2+ 49. Kb3 Rcb2+ 50. Kc3 Rc2+ 51. Kb3 Rcb2+ 52. Kc3 Rc2+ 53. Kb3 Rcb2+ 54. Kc4 Re2 55. Rxe2 Rxe2 56. b5 f4 57. gxf4 g3 58. Rc8 Kf7 59. Rc7+ Kf6 60. Rc8 Kf7 61. Rc7+ Kf6 62. Rc8 Kf7 63. Rc7+ Kf6 1/2-1/2

[Event "FIDE WCC Blitz Women 2019"]
[Site "Moscow"]
[Date "2019.12.29"]
[Round "2.1"]
[White "Maltsevskaya, Aleksandra"]
[Black "Lagno, Kateryna"]
[Result "0-1"]
[WhiteElo "2280"]
[BlackElo "2606"]
[Annotator "ChessBase"]
[PlyCount "59"]
[EventDate "2019.12.29"]
[EventType "swiss"]
[EventCountry "RUS"]
[SourceTitle "playchess.com"]
[Source "ChessBase"]
[SourceQuality "1"]

1. e4 e5 2. Nf3 Nc6 3. Bb5 g6 4. c3 a6 5. Ba4 Bg7 6. d4 b5 7. Bb3 exd4 8. cxd4 d6 9. h3 Nge7 10. O-O O-O 11. Bg5 h6 12. Be3 Na5 13. Bc2 Nc4 14. Bf4 c5 15. b3 cxd4 16. bxc4 d3 17. Qxd3 bxc4 18. Qd2 Bxa1 19. Nc3 g5 20. Be3 Bb2 21. Rb1 Rb8 22. Bd4 Nc6 23. Be3 Be6 24. h4 Qf6 25. Nd4 Ne5 26. hxg5 hxg5 27. Bxg5 Bxc3 28. Bxf6 Bxd2 29. Rd1 Bh6 30. Nf5 0-1

[Event "FIDE WCC Blitz Women 2019"]
[Site "Moscow"]
[Date "2019.12.29"]
[Round "2.2"]
[White "Lei, Tingjie"]
[Black "Mamedjarova, Turkan"]
[Result "1-0"]
[WhiteElo "2543"]
[BlackElo "2273"]
[Annotator "ChessBase"]
[PlyCount "132"]
[EventDate "2019.12.29"]
[EventType "swiss"]
[EventCountry "RUS"]
[SourceTitle "playchess.com"]
[Source "ChessBase"]
[SourceQuality "1"]

1. e4 e5 2. Nf3 Nc6 3. Bb5 a6 4. Ba4 Nf6 5. O-O Bc5 6. c3 b5 7. Bc2 d5 8. exd5 Nxd5 9. h3 O-O 10. d4 exd4 11. cxd4 Be7 12. Nc3 Be6 13. Re1 Qd7 14. Ne4 h6 15. a3 Rad8 16. Nc5 Bxc5 17. dxc5 Nf6 18. Bf4 Rfe8 19. Qxd7 Rxd7 20. Rad1 Red8 21. Rxd7 Rxd7 22. Rd1 Rxd1+ 23. Bxd1 Nd5 24. Bg3 Kf8 25. Bb3 Nce7 26. Nd4 Ke8 27. Bc2 Kd7 28. b4 Nc6 29. Nxc6 Kxc6 30. Be4 Kd7 31. Be5 f6 32. Bd4 c6 33. h4 Nf4 34. Be3 Ne2+ 35. Kf1 Nc3 36. Bc2 Nd5 37. Bd2 Ne7 38. Ke2 Bd5 39. f3 Ke6 40. g4 f5 41. Bc3 g6 42. Bd2 Bc4+ 43. Kf2 h5 44. gxh5 gxh5 45. Bg5 Nd5 46. Bd1 Nc3 47. Bc2 Nd5 48. Kg3 Nf6 49. Bd1 Kf7 50. Bxf6 Kxf6 51. f4 Bf7 52. Bf3 Be8 53. Kf2 Ke6 54. Ke3 Kf6 55. Kd4 Ke6 56. Bd1 Kf6 57. a4 Bd7 58. axb5 axb5 59. Bxh5 Be6 60. Bf3 Bd7 61. h5 Be8 62. h6 Kg6 63. Ke5 Kxh6 64. Kd6 Kg6 65. Bxc6 Bxc6 66. Kxc6 Kh5 1-0

[Event "FIDE WCC Blitz Women 2019"]
[Site "Moscow"]
[Date "2019.12.29"]
[Round "2.4"]
[White "Guseva, Marina"]
[Black "Koneru, Humpy"]
[Result "0-1"]
[WhiteElo "2245"]
[BlackElo "2489"]
[Annotator "ChessBase"]
[PlyCount "53"]
[EventDate "2019.12.29"]
[EventType "swiss"]
[EventCountry "RUS"]
[SourceTitle "playchess.com"]
[Source "ChessBase"]
[SourceQuality "1"]

1. d4 Nf6 2. c4 e6 3. Nc3 Bb4 4. f3 d5 5. a3 Bxc3+ 6. bxc3 c6 7. e3 O-O 8. cxd5 cxd5 9. c4 b6 10. cxd5 Nxd5 11. e4 Ne7 12. Be3 Qd7 13. Bd3 Ba6 14. Ne2 Bxd3 15. Qxd3 Nbc6 16. O-O Rac8 17. Rfd1 Na5 18. Rac1 b5 19. Bf2 a6 20. Rxc8 Rxc8 21. d5 exd5 22. exd5 Nc4 23. Qe4 Nf5 24. Ng3 Nfd6 25. Qd4 Nxa3 26. Nh5 f6 27. Nf4 0-1

[Event "FIDE WCC Blitz Women 2019"]
[Site "Moscow"]
[Date "2019.12.29"]
[Round "2.5"]
[White "Tan, Zhongyi"]
[Black "Potapova, Margarita"]
[Result "1-0"]
[WhiteElo "2480"]
[BlackElo "2259"]
[Annotator "ChessBase"]
[PlyCount "105"]
[EventDate "2019.12.29"]
[EventType "swiss"]
[EventCountry "RUS"]
[SourceTitle "playchess.com"]
[Source "ChessBase"]
[SourceQuality "1"]

1. c4 Nf6 2. Nc3 e6 3. e4 d5 4. cxd5 exd5 5. e5 Ne4 6. Nf3 Be7 7. d3 Nxc3 8. bxc3 O-O 9. d4 c5 10. Bd3 Nc6 11. O-O Bg4 12. Be3 Qd7 13. Rb1 b6 14. Bb5 a6 15. Be2 cxd4 16. cxd4 b5 17. h3 Bf5 18. Bd3 Nb4 19. Bxf5 Qxf5 20. Qd2 Nc6 21. Rfc1 Rfc8 22. Qc2 Qd7 23. Qd3 Na5 24. Ng5 Bxg5 25. Bxg5 Rc4 26. Bd2 Nc6 27. Be3 Rc8 28. Re1 Nb4 29. Qd2 a5 30. Bg5 Qf5 31. e6 fxe6 32. Rbd1 Nc2 33. Re5 Qg6 34. Be3 h6 35. Qxa5 b4 36. Qa6 R4c6 37. Qb7 R8c7 38. Qb5 Kh7 39. h4 Qg4 40. Qd3+ Kg8 41. h5 Rc3 42. Qd2 Nxe3 43. Rxe3 Rc2 44. Qe1 R7c6 45. Rb1 Qxd4 46. Rxe6 Rxe6 47. Qxe6+ Kh8 48. Qe8+ Kh7 49. Qg6+ Kg8 50. Qxc2 Qe5 51. Rd1 d4 52. Qb3+ Kh8 53. Qxb4 1-0